Southville International School and Colleges
Your cart is empty.
  • Cart
  • Lists
    Public lists list_1 View all
    Your lists Log in to create your own lists
  • Log in to your account
  • Your cookies
  • Search history
Southville International School and Colleges
  • Advanced search
  • Recent comments
  • Most popular
  • Libraries

Log in to your account

Log in with GOOGLE


If you do not have an external account, but do have a local account, you can still log in:

  1. Home
  2. MARC view: Fundamentals of accounting
Normal view MARC view ISBD view

Fundamentals of accounting (Record no. 367436)

[ view plain ]
MARC details
000 -LEADER
fixed length control field 00702nam a22001937a 4500
003 - CONTROL NUMBER IDENTIFIER
control field 0
005 - DATE AND TIME OF LATEST TRANSACTION
control field 20250430122729.0
008 - FIXED-LENGTH DATA ELEMENTS--GENERAL INFORMATION
fixed length control field 250430b xxu||||| |||| 00| 0 eng d
020 ## - INTERNATIONAL STANDARD BOOK NUMBER
International Standard Book Number 9786214271740
050 ## - LIBRARY OF CONGRESS CALL NUMBER
Classification number HF 5635
Item number .Ar77 2024
100 ## - MAIN ENTRY--PERSONAL NAME
Personal name Arriola, Reggie M.
245 ## - TITLE STATEMENT
Title Fundamentals of accounting
Remainder of title (partnership and corporation), volume ii
Statement of responsibility, etc Reggie M. Arriola and Prackie Jay T. Acaylar
260 ## - PUBLICATION, DISTRIBUTION, ETC. (IMPRINT)
Place of publication, distribution, etc Manila
Name of publisher, distributor, etc Unlimited Books Library Services & Publishing Inc.
Date of publication, distribution, etc c2024
300 ## - PHYSICAL DESCRIPTION
Extent x, 237 pages ;
Other physical details
Dimensions 28cm.
650 ## - SUBJECT ADDED ENTRY--TOPICAL TERM
Topical term or geographic name as entry element Fundamentals, Accounting of. -- Partnership.
650 ## - SUBJECT ADDED ENTRY--TOPICAL TERM
Topical term or geographic name as entry element Fundamentals, Accounting of-- Corporation.
700 ## - ADDED ENTRY--PERSONAL NAME
Personal name Acaylar, Prackie Jay T.
942 ## - ADDED ENTRY ELEMENTS (KOHA)
Source of classification or shelving scheme Library of Congress Classification
Koha item type Books
Holdings
Withdrawn status Lost status Source of classification or shelving scheme Damaged status Home library Current library Shelving location Date acquired Source of acquisition Total Checkouts Full call number Barcode Date last seen Price effective from Koha item type
    Library of Congress Classification   College Library College Library Filipiniana Section 04/30/2025 Library Fund   HF 5635 .Ar77 2024 C24558 04/30/2025 04/30/2025 Books
    Library of Congress Classification   College Library College Library Filipiniana Section 04/30/2025 Library Fund   HF 5635 .Ar77 2024 C24559 04/30/2025 04/30/2025 Books
    Library of Congress Classification   College Library College Library Filipiniana Section 04/30/2025 Library Fund   HF 5635 .Ar77 2024 C24560 04/30/2025 04/30/2025 Books

Fundamentals of accounting

APA

Arriola R. M., Acaylar P. J. T., . (2024). Fundamentals of accounting. Manila: Unlimited Books Library Services & Publishing Inc.

Chicago

Arriola Reggie M, Acaylar Prackie Jay T, . 2024. Fundamentals of accounting. Manila: Unlimited Books Library Services & Publishing Inc.

Harvard

Arriola R. M., Acaylar P. J. T., . (2024). Fundamentals of accounting. Manila: Unlimited Books Library Services & Publishing Inc.

MLA

Arriola Reggie M, Acaylar Prackie Jay T, . Fundamentals of accounting. Manila: Unlimited Books Library Services & Publishing Inc. 2024.

  • Place hold
  • Print
  • Cite
  • Add to your cart (remove)
  • Save record
    BIBTEX Dublin Core MARCXML MARC (non-Unicode/MARC-8) MARC (Unicode/UTF-8) MARC (Unicode/UTF-8, Standard) MODS (XML) RIS
  • More searches
    Search for this title in:
    Other Libraries (WorldCat) Other Databases (Google Scholar) Online Stores (Bookfinder.com) Open Library (openlibrary.org)

Exporting to Dublin Core...

SOUTHVILLE LIBRARY

Southville International School and Colleges Library

1281 Tropical Ave. Cor. Luxembourg St., BF Homes International, Las Pinas City

Tel. No. 8256374 / 252358 Loc. 117/146

Powered by Koha